000 00811nam a2200241Ia 4500
003 OSt
005 20220926022255.0
006 a|||||r|||| 00| 0
007 ta
008 220923b |||||||| |||| 00| 0 eng d
020 _a9789211130119
037 _cGeneral Book
040 _aRTL
_cRTL
_beng
041 _2eng
_aeng
082 _aXM8:8F, R1.1/UN
100 _aUNITED NATIONS CONFERENCE ON TRADE AND DEVELOPMENT
_922210
245 0 _aPractical implementation of core indicators for sustainable development reporting. Vol.1
_b Case studies
260 _aNew York
_bUnited Nations
_c2021
300 _avii,33p
_ccm.
500 _aBibliography: p 471-80
942 _hXM8:8F, R1.1/UN
_cGB
_2CC
999 _c639050
_d639050